000 01569cam a22004574i 4500
003 PE-LiUPU
005 20250731173436.0
008 150616s1942 xxk r 000 0 eng d
035 _a(Sirsi) a5539
040 _aPE-LiUPU
_bspa
_cPE-LiUPU
_erda
049 _aPRUA
082 0 4 _a270.6
_bC74
_221
110 2 _aConcordia Publishing House.
245 1 3 _aLa Confesión de Augsburgo con los Credos Ecuménicos/
_cMartín Lutero.
264 1 _aSt. Louis, USA :
_bConcordia Publishing House,
_c1942.
300 _a96 páginas ;
_c15 centímetros
336 _atext
_2rdacontent
337 _aunmediated
_2rdamedia
338 _avolume
_2rdacarrier
505 0 _aLos tres credos ecuménicos o universales - La confesión de Augsburgo y los artículos principales de la fe.
526 _aSEG42
526 _aSEG41
526 _aSEG40
526 _aSEG39
526 _aP94
526 _aP87
526 _aP86
526 _aP85
526 _aP77
526 _aP76
526 _aP35
650 0 4 _aECUMENISMO - CREDOS.
650 0 4 _aEcumenism - Creeds.
910 _ajck
_bjvq
_cjck
942 _2ddc
_cBOOK
949 _a270.6 C74
_wDEWEY
_c1
_i39523
_lCCODEBUL1
_mBUL
_p00.00
_r0
_sY
_tBOOK
_u19950912
_xTEOLOGIA
_zUNKNOWN
_0COMPRA
_o.STAFF. Colección General
994 _aC0
_bPEPRU
596 _a1
999 _a270.6 C74
_wDEWEY
_c56578
_i39523
_d56578
_f2021-11-12
_g4
_lCCODEBUL1
_mBUL
_p15.00
_q1
_r0
_sY
_tBOOK
_u2015-6-16
_xTEOLOGIA
_zUNKNOWN
_0COMPRA
_o.STAFF. Colección Teología
980 _81
_gALBERTO SANCHEZ Responsable de Automatización